Biophysical studies of retinal proteins : proceedings of a conference in memory of Laura Eisenstein, held at Allerton Park Conference Center of the University of Illinois at Urbana-Champaign /

Bibliographic Details
Corporate Author: University of Illinois at Urbana-Champaign. Department of Physics
Other Authors: Eisenstein, Laura, 1942-1985, Ebrey, Thomas G.
Format: Book
Language:English
Published: Champaign, IL : Dept. of Physics, University of Illinois at Urbana-Champaign : [1987]
Subjects:

MARC

Tag First Indicator Second Indicator Subfields
LEADER 00000cam a2200000 a 4500
001 in00000017234
005 20151007053422.0
008 870917s1987 ilua b s11000 eng
010 |a  87018144  
020 |a 0252015282 (alk. paper) 
035 |a (OCoLC)16805337 
035 |9 AAB1592AM 
040 |a DLC  |c DLC  |d TXA  |d UtOrBLW 
049 |a TXAM  |c [A11466216] 
050 0 0 |a QP671.V5  |b B56 1987 
082 0 |a 591.1/823  |2 19 
245 0 0 |a Biophysical studies of retinal proteins :  |b proceedings of a conference in memory of Laura Eisenstein, held at Allerton Park Conference Center of the University of Illinois at Urbana-Champaign /  |c editors, Thomas G. Ebrey [and others]. 
264 1 |a Champaign, IL :  |b Dept. of Physics, University of Illinois at Urbana-Champaign :  |c [1987] 
264 2 |a Champaign, IL :  |b Distributed by the University of Illinois Press, 
264 4 |c ©1987 
300 |a xxi, 304 pages :  |b illustrations ;  |c 26 cm. 
336 |a text  |b txt  |2 rdacontent 
337 |a unmediated  |b n  |2 rdamedia 
338 |a volume  |b nc  |2 rdacarrier 
504 |a Includes bibliographies. 
650 0 |a Visual pigments  |x Congresses. 
650 0 |a Bacteriorhodopsin  |x Congresses. 
650 0 |a Rhodopsin  |x Congresses. 
600 1 0 |a Eisenstein, Laura,  |d 1942-1985  |x Congresses. 
700 1 |a Eisenstein, Laura,  |d 1942-1985. 
700 1 |a Ebrey, Thomas G. 
710 2 |a University of Illinois at Urbana-Champaign.  |b Department of Physics. 
999 |a MARS 
999 f f |s 64c4cf91-7c99-3e74-9586-88e5428cf3f9  |i 94002981-896d-3608-b5f1-6b612cacedda  |t 0 
952 f f |p ric  |a Texas A&M University  |b Rellis Campus  |c Joint Library Facility  |d Remote Storage  |t 0  |e QP671.V5 .B56 1987  |h Library of Congress classification  |i unmediated -- volume  |m A14811466216 
998 f f |a QP671.V5 .B56 1987  |t 0  |l Remote Storage